000 00483nam a2200181Ia 4500
001 928
005 20260306140554.0
008 260306t2001||||xx |||||||||||||| ||spa||
041 _aESP
082 _a174.4
_bD35
100 _aMulder Duclós, Enrique de
_eAUT
245 0 _aÉtica para seguir creciendo:
_bcuando la globalización se ha instalado en la empresa
260 _c2001
300 _a138 páginas :
_c25 cm.
650 _aGEN
654 _aCHU
942 _cLIB
_dJUS
_fJUS
_2ddc
_n
999 _c928
_d928